Statystyki dla Z jakim numerem gra ten piłkarz

Kliknij tutaj aby rozwiązać quiz!

Ogólne statystyki

  • Ten quiz został rozwiązany 309 razy
  • Średni wynik to 8 z 14

Statystyki odpowiedzi

PiłkarzNumer% Poprawnych
Lionel Messi10
90%
Sergio Ramos4
84%
Romelu Lukaku9
80%
Toni Kroos8
79%
Paulo Dybala10
78%
Arkadiusz Milik99
77%
Jordi Alba18
61%
Roberto Firmino11
49%
Frenkie De Jong21
46%
Alex Sandro12
43%
Dele Alli20
42%
Kamil Grosicki13
40%
Kingsley Coman29
32%
Ederson31
30%

Rozkład punktacji

Percentyl według liczby udzielonych odpowiedzi

Procent ludzi z każdym wynikiem

Twoja historia wyników

Nie rozwiązałeś tego quizu